| 000 | 00460nam a22001697a 4500 | ||
|---|---|---|---|
| 005 | 20251108175432.0 | ||
| 008 | 250721s2015 xx 000 0 ara d | ||
| 082 | 1 | 4 | _a780.074/كري |
| 100 | 1 | _aكريم، فوزي | |
| 245 | 1 | 0 | _aالموسيقى و الرسم / |
| 264 | 1 |
_aراس الخيمة : _bدار نون للنشر، _c2015. |
|
| 300 | _a184 ص. | ||
| 650 | 1 | 7 | _aالموسيقى |
| 650 | 1 | 7 | _aالرسم |
| 942 |
_2ddc _cBK |
||
| 999 |
_c134052 _d134052 |
||